Normal view
MARC view
Entry Nombre corporativo
001 - NÚMERO DE CONTROL
- campo de control: 36727
003 - IDENTIFICADOR DE NÚMERO DE CONTROL
- campo de control: OSt
005 - FECHA Y HORA DE LA ÚLTIMA TRANSACCIÓN
- campo de control: 20221005161718.0
008 - ELEMENTOS DE DATO DE LONGITUD-FIJA
- campo de control de longitud fija: 221005|| aca||aabn | a|a d
040 ## - FUENTE DE CATALOGACIÓN
- Centro catalogador/agencia de origen: OSt
- Centro/agencia transcriptor: OSt
110 ## - ENCABEZAMIENTO-NOMBRE DE ENTIDAD CORPORATIVA
- Nombre de entidad corporativa o nombre de jurisdicción como elemento de entrada: CCOO.
- Unidad subordinada: FSAP
- Sede del congreso/Lugar de la reunión: Sindicato de la Administración del Estado
- Sede del congreso/Lugar de la reunión: Congreso
- Número del congreso/reunión o número de parte o sección: 2º
- Fecha del congreso o de la firma del tratado: 1992
- Sede del congreso/Lugar de la reunión: Valencia
670 ## - FUENTE DE DATOS ENCONTRADOS
- Cita de la fuente: Work cat.: (OSt)55410: CCOO. FSAP Sindicato de la Administración del Estado Congreso 2º 1992 Valencia, Informe general al II Congreso del S.A.E. /, 1992